00933nam a22002297a 450000500170000001000130001702000220003003500130005203700160006504000120008108200150009310000270010824501790013526000480031427000420036230000250040465000370042965000500046694200240051699900190054095201440055920170124105949.0 aA-517467 c00.00a8172861551 aA-517467 bCen Lib/Ret aDPLbEN a280.8bCOL aColaco, Cletus 913057 a25 years "ad gentes" in India :cby Cletus Colacoband "redemptoris missio" on the permanent validity of the church's missionary mandate from his holiness pope John Paul II / aBangalore bAsian Trading Corporationc1991 a150, Brigade RoadbBangalore e560025 axvii,125p.c21cm(Hb) aCatholic Church -- India.913058 aMissionaries of Charity -- Biography. 913059 2ddccENh280.8mCOL c125115d125115 04104070aLbLd2015-06-19eCen Lib/Retg0.00l0o280.8 COLpA-517467r2015-06-19 00:00:00t1v0.00w2015-06-19yENzW/d list no. 6834/14